00913nam a2200217Ia 4500001017000000002005000170008003700220010001100257530002200268650002900290650002900319650004600348650003100394650005600425650003300481700005300514700004300567700004600610942002000656999001900676IA_The project is able to support an increase in production costs up to 37% and a decrease in sales revenue of 25% This indicates that it is a relatively stable project.ESTUDIO DE FACTIBILIDAD TECNICO-ECONOMICO PARA EL220117s xx 000 0 und d a184213 aDisponible en PDF aDairy industry 9147323 aDairy products 9147027 0aEntrepreneurshipzMexicozChiapas9152181 aIndustria lechera 957819 0aIniciativa empresarialzMéxicozChiapas 9152182 aProductos lácteos 992124 aEspejel Zaragoza, José Alfredo, asesor91636971 aMartínez Mosqueda, Francisco9148600 aPonce Hernández, Pedro, asesor 9163694 cTESIS M668 2015 c184213d184213